01269nam a2200229 a 450000100100000000500170001000800410002704000250006808200170009311000760011024500730018626000370025930000340029665000600033065000460039071000760043695201330051295201330064595201210077895201270089999900130102600000047420200929145340.0081204nuuuuuuuudr ac 000 0 spa d aDO-SdBNPbspacBNPHU a630.72bI59p2 aInstituto Dominicano de Investigaciones Agropecuarias y Forestales929910aProyectos de investigación :bCentro de Tecnologías Agrícolas. aSanto Domingo :bIDIAF,c[s.f.]. a14 p. :bil., retr. ;c22 cm. 4aInvestigación agrícolazRepública Dominicana9126 4aAgriculturazRepública Dominicana915682 aInstituto Dominicano de Investigaciones Agropecuarias y Forestales9299 001054758DSaBNPHUbBNPHUcCTd2011-06-13iLF1l0o630.72 I59pp474-30r2020-06-25te. 3w2020-06-25yLF1ZPréstamo en sala 001054758DSaBNPHUbBNPHUcCTd2011-07-13iLF1l0o630.72 I59pp474-40r2020-06-25te. 4w2020-06-25yLF1ZPréstamo en sala 001053718PDaBNPHUbBNPHUcHDd2009-07-27iLF1l0o630.72 I59pp474-10r2020-06-25w2020-06-25yLF1ZNo se presta 001053718PDaBNPHUbBNPHUcHDd2009-07-27iLF1l0o630.72 I59pp474-20r2020-06-25te. 2w2020-06-25yLF1ZNo se presta c472d472